000 00401nam a2200145 i 4500
001 bg
100 1 _aBRATKOWSKI, Albin
245 0 _aZastosowanie programowania liniowego do optymalizacji technik wytwarzania w budownictwie /
_cAlbin Bratkowski.
260 _aWarszawa,
_c1968.
040 _cBPK
041 _apol
080 _a69:65.012
942 _cKS
008 s pl f |000 0 pol
999 _c26092
_d26092
856 _uhttp://koha.tu.koszalin.pl/cgi-bin/koha/opac-detail.pl?biblionumber=26092
_yKatalog online BPK